000 00634nam a2200205Ia 4500
001 9418
003 GE_BSU
008 181216s||||||||xx |||||||||||||| ||und||
040 _cGE_BSU
080 _a821.353.1–32
100 _aმოსაშვილი,მინდია
245 _aმოთხრობები.
245 _cრედ.ნ.იაშვილი,მხატვ.ვ.გაბელია
260 _aთბილისი
260 _bსაბჭოთა საქართველო
260 _c1980
300 _a375გვ.20სმ.
653 _aმოთხრობები.
942 _cBK
999 _c42712
_d42712